header

Security in distributed and networking systems (Record no. 6552)

MARC details
000 -LEADER
fixed length control field 01493nam a2200373Ia 4500
001 - CONTROL NUMBER
control field ebr10698893
003 - CONTROL NUMBER IDENTIFIER
control field CaPaEBR
006 - FIXED-LENGTH DATA ELEMENTS--ADDITIONAL MATERIAL CHARACTERISTICS--GENERAL INFORMATION
fixed length control field m o u
007 - PHYSICAL DESCRIPTION FIXED FIELD--GENERAL INFORMATION
fixed length control field cr cn|||||||||
008 - FIXED-LENGTH DATA ELEMENTS--GENERAL INFORMATION
fixed length control field 100617s2007 njuac sb 000 0 eng d
010 ## - LIBRARY OF CONGRESS CONTROL NUMBER
Canceled/invalid LC control number 2010280297
020 ## - INTERNATIONAL STANDARD BOOK NUMBER
Cancelled/invalid ISBN 9789812708076
Cancelled/invalid ISBN 9789812770103 (ebook)
Cancelled/invalid ISBN 9812708073
040 ## - CATALOGING SOURCE
Original cataloging agency CaPaEBR
Transcribing agency CaPaEBR
035 ## - SYSTEM CONTROL NUMBER
System control number (OCoLC)849923415
050 14 - LIBRARY OF CONGRESS CALL NUMBER
Classification number QA76.9.A25
Item number S4345 2007eb
082 04 - DEWEY DECIMAL CLASSIFICATION NUMBER
Classification number 005.44
Edition number 22
245 00 - TITLE STATEMENT
Title Security in distributed and networking systems
Medium [electronic resource] /
Statement of responsibility, etc editors, Yang Xiao, Yi Pan.
260 ## - PUBLICATION, DISTRIBUTION, ETC. (IMPRINT)
Place of publication, distribution, etc Hackensack, NJ :
Name of publisher, distributor, etc World Scientific,
Date of publication, distribution, etc c2007.
300 ## - PHYSICAL DESCRIPTION
Extent xvi, 493 p. :
Other physical details ill., col. ports.
490 1# - SERIES STATEMENT
Series statement Computer and network security ;
Volume number/sequential designation v. 1
504 ## - BIBLIOGRAPHY, ETC. NOTE
Bibliography, etc Includes bibliographical references.
533 ## - REPRODUCTION NOTE
Type of reproduction Electronic reproduction.
Place of reproduction Palo Alto, Calif. :
Agency responsible for reproduction ebrary,
Date of reproduction 2013.
Note about reproduction Available via World Wide Web.
-- Access may be limited to ebrary affiliated libraries.
650 #0 - SUBJECT ADDED ENTRY--TOPICAL TERM
Topical term or geographic name as entry element Computer networks
General subdivision Security measures.
Topical term or geographic name as entry element Distributed operating systems (Computers)
General subdivision Security measures.
Topical term or geographic name as entry element Electronic data processing
General subdivision Distributed processing.
655 #7 - INDEX TERM--GENRE/FORM
Genre/form data or focus term Electronic books.
Source of term local
700 1# - ADDED ENTRY--PERSONAL NAME
Personal name Pan, Yi,
Dates associated with a name 1960-
Personal name Xiao, Yang,
Dates associated with a name 1966-
710 2# - ADDED ENTRY--CORPORATE NAME
Corporate name or jurisdiction name as entry element ebrary, Inc.
830 #0 - SERIES ADDED ENTRY--UNIFORM TITLE
Uniform title Computer and network security ;
Volume number/sequential designation v. 1.
856 40 - ELECTRONIC LOCATION AND ACCESS
Uniform Resource Identifier <a href="http://site.ebrary.com/lib/rucke/Doc?id=10698893">http://site.ebrary.com/lib/rucke/Doc?id=10698893</a>
Public note An electronic book accessible through the World Wide Web; click to view

No items available.

© 2026 Rongo University
Contact us: librarian | system librarian | Rongo university